000 00685nam a2200253Ia 4500
003 OSt
005 20220924131836.0
006 a|||||r|||| 00| 0
007 ta
008 220923b |||||||| |||| 00| 0 tel d
020 _cRs.1.
024 _a346069
037 _cTextual
040 _aARTS
_cARTS
_btel
041 _2tel
_atel
082 _aO35,3NNA6x, K0
100 _aRao A.V.L.Narasimha Au.
_9203047
245 0 _aLavanya Sundari
260 _aVijayawada
_bJaya Publications India
_c1960
300 _a112p.
_ccm.
650 _aTELUGU LITERATURE
942 _hO35,3NNA6x, K0
_cTEXL
_2CC
999 _c428389
_d428389